| 000 | 02043cam a2200457 i 4500 | ||
|---|---|---|---|
| 001 | 30542 | ||
| 003 | KOSZ 005 | ||
| 005 | 20221024082949.0 | ||
| 008 | 970510s1994 pl a f |000 0 pol | ||
| 015 | _aPB 1995/540 | ||
| 040 |
_aWA N _cWA N _dKOSZ 005/HR |
||
| 041 | 0 |
_apol _beng |
|
| 046 | _k1994 | ||
| 080 | _a621.74 | ||
| 080 | _a534 | ||
| 100 | 1 |
_aMikulczyński, Tadeusz _d(1951-2015) _eAutor |
|
| 245 | 1 | 0 |
_aZastosowanie metody ultradźwiękowej do badania mas i materiałów formierskich / _cTadeusz Mikulczyński. |
| 246 | 3 | 1 | _aApplication of the ultrasound method in examining moulding sands and materials. |
| 260 |
_aWrocław : _bOficyna Wydawnicza PW, _c1994. |
||
| 300 |
_a71, [3] s. : _bfot., rys., wykr. ; _c24 cm. |
||
| 336 |
_2rdacontent _aTekst _btxt |
||
| 337 |
_2rdamedia _aBez urządzenia pośredniczącego _bn |
||
| 338 |
_2rdacarrier _aWolumin _bnc |
||
| 380 | _aKsiążki | ||
| 388 | _a1901-2000 | ||
| 388 | _a1989-2000 | ||
| 490 | 1 |
_aPrace Naukowe Instytutu Technologii Maszyn i Automatyzacji Politechniki Wrocławskiej. Monografie = _aScientific Papers of the Institute of Mechanical Engineering and Automatization of the Technical University of Wrocław. Monographs, _x0867-5325 ; _v15. |
|
| 500 | _aTyt. równol. : Application of the ultrasound method in examining moulding sands and materials. | ||
| 500 | _aNumeracja ser. gł. : 54. | ||
| 504 | _aBibliogr. s. 69-71. | ||
| 546 | _aStreszcz. ang. | ||
| 650 | 4 | _aFormierstwo | |
| 650 | 4 | _aMetody badawcze | |
| 650 | 4 | _aUltradźwięki | |
| 658 | _aInżynieria i technika | ||
| 710 | 2 | _aOficyna Wydawnicza Politechniki Warszawskiej | |
| 830 | 0 |
_aPrace Naukowe Instytutu Technologii Maszyn i Automatyzacji Politechniki Wrocławskiej _v54 |
|
| 830 | 0 |
_aPrace Naukowe Instytutu Technologii Maszyn i Automatyzacji Politechniki Wrocławskiej. _pMonografie _v15 |
|
| 856 |
_uhttp://koha.tu.koszalin.pl/cgi-bin/koha/opac-detail.pl?biblionumber=30542 _yKatalog online BPK |
||
| 942 |
_2UKD _cKS |
||
| 999 |
_c30542 _d30542 |
||